Štúdium mikroštruktúrnych zmien a povrchových dejov spojených so spracovaním atomizovaných práškov vybraných Al zliatin do profilov lisovaných za tepla
Gespeichert in:
| 1. Verfasser: | |
|---|---|
| Weitere Verfasser: | |
| Format: | Manuskript Buch |
| Sprache: | Slowakisch |
| Veröffentlicht: |
2017
|
| Schlagworte: | |
| Online-Zugang: | http://is.stuba.sk/zp/portal_zp.pl?podrobnosti=132563 |
| Tags: |
Keine Tags, Fügen Sie das erste Tag hinzu!
|
MARC
| LEADER | 00000ntm a22000003a 4500 | ||
|---|---|---|---|
| 001 | stuzp57024 | ||
| 003 | SK-STU | ||
| 005 | 20180910085804.0 | ||
| 007 | ta | ||
| 008 | 150427s2015----xo-----f-mn---000-0-slo-d | ||
| 040 | |a STU |b slo | ||
| 041 | 0 | |a slo | |
| 044 | |a xo | ||
| 100 | 1 | |a Štěpánek, Matej, |d 1983- |u 060000 |4 aut |9 100 |T MTF Materiálovotechnologická fakulta |X 13863 |U M |Y 60 |7 A000013863 | |
| 242 | 0 | 1 | |a Microstructural characterization and surface processes associated with processing of various atomized aluminium alloy powders to direct extruded profiles |y eng |
| 245 | 1 | 0 | |a Štúdium mikroštruktúrnych zmien a povrchových dejov spojených so spracovaním atomizovaných práškov vybraných Al zliatin do profilov lisovaných za tepla |
| 260 | |c 2017 | ||
| 300 | |a 115 | ||
| 650 | 4 | |a hliníkové zliatiny |2 slo | |
| 650 | 4 | |a oxidácia |2 slo | |
| 650 | 4 | |a prášková metalurgia |2 slo | |
| 650 | 4 | |a hliník |2 slo | |
| 650 | 4 | |a ohrev |2 slo | |
| 650 | 4 | |a horčík |2 slo | |
| 650 | 4 | |a prietlačné lisovanie |2 slo | |
| 650 | 4 | |a Aluminium |2 eng | |
| 650 | 4 | |a Aluminium alloy |2 eng | |
| 650 | 4 | |a Powder metallurgy |2 eng | |
| 650 | 4 | |a Magnesium |2 eng | |
| 650 | 4 | |a Oxidation |2 eng | |
| 650 | 4 | |a Direct extrusion |2 eng | |
| 650 | 4 | |a Heating |2 eng | |
| 700 | 1 | |a Balog, Martin |4 ths |X 61503 |7 61503 | |
| 856 | 4 | |u http://is.stuba.sk/zp/portal_zp.pl?podrobnosti=132563 | |
| 996 | |b . |c M* DzP-621 |l MMSKP |s P |a 0 |w stuzp57024_0001 | ||